| 000 | 00304nam a2200109Ia 4500 | ||
|---|---|---|---|
| 008 | 230907s9999||||xx |||||||||||||| ||und|| | ||
| 082 |
_a370.72 _bODO |
||
| 100 |
_aO'Donoghue, T. A. _9115985 |
||
| 245 | 0 | _aPlanning your qualiative research thesis and project : | |
| 300 | _axiii, 206 pages ; | ||
| 942 | _cBK | ||
| 999 |
_c600655 _d600655 |
||